000 00468nam a2200181Ia 4500
005 20250923144503.0
008 008 250917s9999 xx 000 0 eng d
037 _aTextual
040 _aDSWL
_beng
_cDSWL
041 _aeng
_2eng
084 _qDSWL
100 _aMohan, Rao V.B.R.
_9825398
245 0 _aCondition of life & work of zoo
_cby Rao V.B.R. Mohan
260 _c1954
300 _ai,126p.
942 _cTEXL
999 _c1439506
_d1439506